[Event "Budapest FS10 IM-A"]
[Site "Budapest"]
[Date "1994.??.??"]
[Round "9"]
[White "Eperjesi, Laszlo"]
[Black "Hoang Than Trang"]
[Result "1/2-1/2"]
[WhiteElo "2370"]
[BlackElo "2285"]

1.d4 d5 2.Nf3 Nf6 3.c4 dxc4 4.e3 e6 5.Bxc4 c5 6.O-O a6 7.a4 Nc6 8.Qe2 Be7
9.Rd1 Qc7 10.Nc3 O-O 11.b3 b6 12.Bb2 Bb7 13.h3 Na5 14.Ne5 Rfd8 15.Rac1 Nc6  1/2-1/2

[Event "Budapest FS12 IM"]
[Site "Budapest"]
[Date "1994.??.??"]
[Round "11"]
[White "Kappler, Jean Marie"]
[Black "Estrada Nieto, Julian"]
[Result "1/2-1/2"]
[WhiteElo "2295"]
[BlackElo "2395"]

1.d4 d5 2.c4 dxc4 3.Nf3 Nf6 4.e3 e6 5.Bxc4 c5 6.O-O a6 7.dxc5 Qxd1 8.Rxd1 Bxc5
9.a3 b5 10.Be2 Bb7 11.b4 Be7 12.Bb2  1/2-1/2

[Event "Budapest FS02 IM-A"]
[Site "Budapest"]
[Date "1994.??.??"]
[Round "11"]
[White "Kargoll, Boris"]
[Black "Hoang Than Trang"]
[Result "1/2-1/2"]
[WhiteElo "2315"]
[BlackElo "2260"]

1.d4 d5 2.Nf3 Nf6 3.c4 dxc4 4.e3 e6 5.Bxc4 c5 6.Qe2 a6 7.dxc5 Bxc5 8.O-O O-O
9.e4 Nc6 10.e5 Nd7 11.Bf4 Qc7 12.Nbd2 Rd8 13.Rac1 Nf8 14.Ne4 Ng6 15.Nxc5 Nxf4
16.Qe3 Ng6 17.Rfe1 b6 18.Nd3 Bb7 19.Nf4 Nxf4 20.Qxf4  1/2-1/2

[Event "Budapest FS06 IM-A"]
[Site "Budapest"]
[Date "1994.??.??"]
[Round "13"]
[White "Lehmann, Heinz Dr"]
[Black "Peredy, Ferenc"]
[Result "1/2-1/2"]
[WhiteElo "2280"]
[BlackElo "2190"]

1.d4 d5 2.c4 dxc4 3.Nf3 Nf6 4.e3 c5 5.Bxc4 e6 6.O-O cxd4 7.exd4 Be7 8.Qe2 Nc6
9.Rd1 O-O 10.Nc3 Nb4 11.Bg5 a6 12.Ne5 b5 13.Bb3 Bb7 14.a4 bxa4 15.Bxa4 Nfd5
16.Be3 Nb6 17.Bb3 Bd6 18.Na4 Nxa4 19.Bxa4 Qh4 20.h3 Qe4 21.Qg4 Rfc8 22.Nd7 Qxg4
23.hxg4 Nc2 24.Nb6 Nxa1 25.Rxa1 Rab8 26.Nxc8 Rxc8 27.Bd1 h6 28.Be2 Bb4 29.Bd3 a5
30.Kf1 Bd5 31.Ke2 Rb8 32.Bf4 Rb7 33.f3 Rb6 34.Rc1 Rc6 35.Ra1 Kf8 36.Bd2 Rb6
37.Bc3 Ke7 38.Ke3 Kd6 39.Bf1 Kc6 40.Kd2 Rb8 41.Kc2 Kb6 42.Bd3 Rc8 43.Kd2 Ra8
44.Rc1 Bd6 45.Ke3 Ra7 46.Bd2 Rc7 47.Ra1 Ra7 48.Ke2 Ra8 49.g5 hxg5 50.Bxg5 f6
51.Bd2 e5 52.Bc3 exd4 53.Bxd4+ Bc5 54.Bc3 Bb4 55.Kd2 Bxc3+ 56.bxc3 Kc5 57.c4 Bc6
58.Kc3 a4 59.Rh1 Re8 60.Rh7  1/2-1/2

[Event "Budapest FS04 IM-B"]
[Site "Budapest"]
[Date "1994.??.??"]
[Round "13"]
[White "Hoang Than Trang"]
[Black "Jonkman, Harmen"]
[Result "0-1"]
[WhiteElo "2260"]
[BlackElo "2340"]

1.d4 d5 2.c4 dxc4 3.Nf3 Nf6 4.e3 e6 5.Bxc4 c5 6.O-O a6 7.b3 cxd4 8.Nxd4 Bd6
9.Bb2 O-O 10.Nd2 e5 11.N4f3 Qe7 12.Qc2 Nc6 13.a3 Bg4 14.h3 Bd7 15.Rfd1 b5
16.Bd3 Rfc8 17.Qb1 Na5 18.Ne4 Nxe4 19.Bxe4 Bc6 20.Nd2 g6 21.Bc3 Nb7 22.Qb2 Nc5
23.Bxc6 Rxc6 24.Nf3 e4 25.Bf6 Qe6 26.Bh8 f6 27.Ng5 Be5 28.Rd4 Qe7 29.b4 Kxh8  0-1

[Event "Buenos Aires PRENAJ"]
[Site "Buenos Aires"]
[Date "1994.??.??"]
[Round "6"]
[White "Rodriguez, Jorge Luis"]
[Black "Dos Santos, Ramiro"]
[Result "1-0"]
[WhiteElo "2390"]
[BlackElo "2325"]

1.d4 d5 2.c4 dxc4 3.e3 Nf6 4.Bxc4 e6 5.Nf3 c5 6.O-O a6 7.Bb3 b5 8.a4 Bb7
9.axb5 axb5 10.Rxa8 Bxa8 11.Na3 b4 12.Nc4 Nbd7 13.Ba4 Qc7 14.Nfe5 cxd4 15.Nxd7 Nxd7
16.Qxd4 Bc6 17.Bxc6 Qxc6 18.Rd1 f6 19.Na5 Qc7 20.Qe4 Kf7 21.Nc6 f5 22.Qc2 b3
23.Ne5+ Qxe5 24.Rxd7+ Be7 25.Qxb3 Qa5 26.Rd1 Rd8 27.g3 Qb4 28.Qc2 Qe4 29.Qe2 Rc8
30.Bd2 Rc2 31.Qh5+ Kg8 32.Qe8+ Bf8 33.Bc3 Qc4 34.Bxg7 Qc8 35.Qxc8 Rxc8 36.Bxf8 Kxf8
37.b4 Rc4 38.Rb1  1-0

[Event "ARG-World"]
[Site "Buenos Aires"]
[Date "1994.??.??"]
[Round "9"]
[White "Mascarinas, Rico"]
[Black "Spangenberg, Hugo"]
[Result "1/2-1/2"]
[WhiteElo "2410"]
[BlackElo "2510"]

1.d4 Nf6 2.Nf3 d5 3.c4 dxc4 4.e3 e6 5.Bxc4 c5 6.O-O a6 7.dxc5 Qxd1 8.Rxd1 Bxc5
9.b3 Nbd7 10.Bb2 b5 11.Be2 Bb7 12.a4 bxa4 13.bxa4 Rb8 14.Bc3 Ke7 15.Na3 Ne4
16.Be1 Nb6 17.Nc4 Nd5 18.Rac1 Bb4 19.Bxb4+ Nxb4 20.Na5 Rhc8 21.Nxb7 Rxc1
22.Rxc1 Rxb7 23.Nd4 Kd6 24.g4 Nc5 25.a5 g6 26.f4 Re7 27.Rd1 Nd5 28.Bf3 Rd7
29.Kf2 Kc7 30.Rc1 Kd6 31.Rd1 f6 32.h4 Ke7 33.Nc6+ Kf7 34.f5 Nc7 35.fxe6+ Kxe6
36.Nd4+ Kf7 37.h5 N7e6 38.hxg6+ hxg6 39.Nxe6 Kxe6 40.Rxd7 Kxd7 41.Be2 g5
42.Bc4 Kd6 43.Ke2 Kc7 44.Kf3 Kc6 45.Ke2 Kd6 46.Kf2 Ke5 47.Kf3 Nb7 48.Bxa6 Nxa5
49.Bd3 Nb3 50.Bc2 Nd2+ 51.Ke2 Nc4 52.Bb3 Nd6 53.Kf3 Ne4 54.Ba2 Nc5 55.Bc4 Ne4
56.Ba2 Nc3 57.Bb3 Kd6 58.Kf2 Kc5 59.Ke1 Kb4 60.Be6 Ne4 61.Bd5 Nd6 62.Kd2 Kc5
63.Be6  1/2-1/2

[Event "Calcutta op2"]
[Site "Calcutta"]
[Date "1994.??.??"]
[Round "?"]
[White "Gokhale, Jayant Suresh"]
[Black "Reefat bin Satter"]
[Result "1/2-1/2"]
[WhiteElo "2395"]
[BlackElo "2430"]

1.d4 d5 2.Nf3 Nf6 3.c4 dxc4 4.e3 e6 5.Bxc4 c5 6.O-O a6 7.Nc3 b5 8.Bb3 Bb7
9.Qe2 Nbd7 10.Rd1 Qb6 11.a3 Be7 12.Ba2 O-O 13.e4 b4 14.axb4 cxb4 15.Na4 Qc6
16.Bb1 Nxe4 17.Bf4 Rfc8 18.Bd3 Qc5 19.Rac1 Nef6 20.h3 Qa5 21.Ra1 Qd5 22.Rac1 Rxc1
23.Rxc1 Bc6 24.b3 Bb5 25.Bc4 Qe4 26.Qd2 Nd5 27.Bg3 Bxa4 28.bxa4 Nc3 29.Re1 Qb7
30.d5 Nb6 31.dxe6 Nxc4 32.exf7+ Kf8 33.Qd3 Qd5 34.Qxh7 Kxf7 35.Be5 Rg8 36.Qf5+ Ke8
37.Qc8+  1/2-1/2

[Event "Calcutta op"]
[Site "Calcutta"]
[Date "1994.??.??"]
[Round "3"]
[White "Ravi, Lanka"]
[Black "Kamath, SJ."]
[Result "1-0"]
[WhiteElo "2425"]
[BlackElo "2225"]

1.d4 d5 2.Nf3 Nf6 3.c4 dxc4 4.e3 c5 5.Bxc4 e6 6.O-O a6 7.Bd3 Nc6 8.a3 Qc7
9.Nc3 Bd6 10.dxc5 Bxc5 11.b4 Bd6 12.Bb2 O-O 13.Rc1 Qe7 14.Ne4 Nxe4 15.Bxe4 f5
16.Bxc6 bxc6 17.Be5 Rd8 18.Qb3 a5 19.Bxd6 Rxd6 20.Nd4 a4 21.Qa2 Qf7 22.f4 Ba6
23.Rfd1 Rad8 24.Rc5 Bb5 25.Rdc1 Rd5 26.h3 Rxc5 27.Rxc5 Rd5 28.Rxd5 exd5 29.Qc2 g6
30.Nxc6 Bxc6 31.Qxc6 d4 32.exd4 Qb3 33.Qe8+ Kg7 34.Qe7+ Kg8 35.b5 Qc4  1-0

[Event "Cappelle"]
[Site "Cappelle la Grande"]
[Date "1994.??.??"]
[Round "1"]
[White "Piskov, Yury"]
[Black "Relange, Eloi"]
[Result "1-0"]
[WhiteElo "2510"]
[BlackElo "2445"]

1.d4 d5 2.Nf3 c6 3.c4 e6 4.e3 Nf6 5.Bd3 dxc4 6.Bxc4 c5 7.O-O Nc6 8.Nc3 a6
9.Bb3 Be7 10.dxc5 Qxd1 11.Rxd1 Bxc5 12.Bd2 Ke7 13.Rac1 Ba7 14.e4 Ng4 15.Be1 Bd7
16.Na4 f6 17.Nc5 Bxc5 18.Rxc5 Rhd8 19.h3 Nge5 20.Nxe5 fxe5 21.f4 Rg8 22.Bh4+ Ke8
23.f5 g5 24.fxe6 Bc8 25.Bf2 Rg6 26.Rd6 Ke7 27.Rcxc6 bxc6 28.Bc5 Rb8 29.Rd7+ Ke8
30.Rf7 Rg8 31.e7  1-0

[Event "Cappelle op"]
[Site "Cappelle la Grande"]
[Date "1994.??.??"]
[Round "4"]
[White "Mandel, Andreas"]
[Black "Makarov, Marat"]
[Result "1/2-1/2"]
[WhiteElo "2370"]
[BlackElo "2525"]

1.d4 d5 2.c4 dxc4 3.Nf3 Nf6 4.e3 e6 5.Bxc4 c5 6.O-O a6 7.Bd3 Nbd7 8.Qe2 Qc7
9.Nc3 b5 10.Ne4 Bb7 11.Nxc5 Nxc5 12.dxc5 Bxc5 13.Bd2 Ng4 14.Rfc1  1/2-1/2

[Event "Bohemia"]
[Site "Chrudim"]
[Date "1994.??.??"]
[Round "7"]
[White "Voiska, Margarita"]
[Black "Chilingirova, Pavlina"]
[Result "1/2-1/2"]
[WhiteElo "2325"]
[BlackElo "2305"]

1.d4 Nf6 2.Nf3 d5 3.c4 dxc4 4.e3 e6 5.Bxc4 c5 6.O-O Nc6 7.Nc3 a6 8.dxc5 Qxd1
9.Rxd1 Bxc5 10.a3 b5 11.Be2  1/2-1/2

[Event "Copenhagen op2"]
[Site "Copenhagen"]
[Date "1994.??.??"]
[Round "4"]
[White "Hutters, Tomas"]
[Black "Hansen, Lars"]
[Result "1/2-1/2"]
[WhiteElo "2445"]
[BlackElo "2240"]

1.d4 d5 2.Nf3 Nf6 3.c4 dxc4 4.e3 e6 5.Bxc4 c5 6.O-O a6 7.Bd3 Nbd7 8.Qe2 Qc7
9.Nc3 b5 10.Ne4 Nxe4 11.Bxe4 Bb7 12.Bxb7 Qxb7 13.b3 Be7 14.Bb2 cxd4 15.Nxd4 O-O
16.Rfd1 Rac8 17.Rac1  1/2-1/2

[Event "CZE-ch"]
[Site "?"]
[Date "1994.??.??"]
[Round "6"]
[White "Polak, Tomas"]
[Black "Pacl, Vaclav"]
[Result "1/2-1/2"]
[WhiteElo "2410"]
[BlackElo "2300"]

1.d4 d5 2.c4 dxc4 3.e3 Nf6 4.Bxc4 e6 5.Nf3 c5 6.O-O a6 7.a4 Nc6 8.Nc3 Qc7
9.Qe2 Bd6 10.dxc5 Bxc5 11.e4 Ng4 12.g3 O-O 13.Bf4 e5 14.Nd5 Qd6 15.Bd2 Kh8
16.Rad1 f5 17.Be3 fxe4 18.Ng5 Nd4 19.Bxd4 Bxd4 20.Ne3 Nxh2 21.Kxh2 Qh6+ 22.Kg2 Qxg5
23.Bd5 Bxe3 24.Qxe3 Qxe3 25.fxe3 Bg4 26.Rxf8+ Rxf8 27.Rc1 Bf3+ 28.Kg1 b6  1/2-1/2

[Event "Dresden U20"]
[Site "Dresden"]
[Date "1994.??.??"]
[Round "?"]
[White "Swol, Michal"]
[Black "Jonkman, Harmen"]
[Result "1-0"]
[WhiteElo "2270"]
[BlackElo "2280"]

1.d4 d5 2.c4 dxc4 3.Nf3 Nf6 4.e3 e6 5.Bxc4 c5 6.O-O a6 7.dxc5 Qxd1 8.Rxd1 Bxc5
9.b3 b5 10.Be2 Bb7 11.Bb2 Nbd7 12.Nbd2 Ke7 13.a3 Rhc8 14.Rdc1 Bd6 15.Nd4 Rxc1+
16.Rxc1 Nc5 17.g3 g6 18.b4 Na4 19.Ba1 Nd5 20.Nc6+ Bxc6 21.Rxc6 Kd7 22.Rxa6 Rb8
23.Bxb5+ Rxb5 24.Rxa4 Rb7 25.Ne4 Be7 26.Bd4 Kc6 27.Nc5 Rc7 28.Ra5 Kd6 29.e4 Nb6
30.Ra6 Kc6 31.Rxb6+ Kxb6 32.Nxe6+ Kb7 33.Nxc7 Kxc7 34.Kf1 Kc6 35.Bc5 Bxc5
36.bxc5 Kxc5 37.Ke2 Kc4 38.Ke3 Kb3 39.Kf4 Kxa3 40.Kg5 Kb3 41.Kf6  1-0

[Event "FIN-chT"]
[Site "?"]
[Date "1994.??.??"]
[Round "?"]
[White "Koskinen, Henri"]
[Black "Paavilainen, Jorma"]
[Result "1/2-1/2"]
[WhiteElo "2275"]
[BlackElo "2320"]

1.d4 d5 2.c4 dxc4 3.e3 Nf6 4.Bxc4 e6 5.Nf3 c5 6.a3 cxd4 7.exd4 Be7 8.Nc3 O-O
9.O-O Nbd7 10.Re1 Nb6 11.Ba2 Bd7 12.Ne5 Bc6 13.Nxc6 bxc6 14.Be3 Nbd5 15.Rc1 Nxe3
16.fxe3 c5 17.d5 exd5 18.Nxd5 Rb8 19.Re2 Re8 20.Nxe7+ Qxe7 21.Qc2 Rbd8 22.Rce1 Qe5
23.Qc4 Re7 24.Qf4 Kf8 25.h3  1/2-1/2

[Event "Garmisch"]
[Site "Garmisch"]
[Date "1994.??.??"]
[Round "5"]
[White "Sokolov, Ivan"]
[Black "Brunner, Lucas"]
[Result "1-0"]
[WhiteElo "2625"]
[BlackElo "2525"]

1.d4 d5 2.c4 dxc4 3.Nf3 Nf6 4.e3 e6 5.Bxc4 c5 6.Qe2 a6 7.dxc5 Bxc5 8.O-O b5
9.Bd3 Nbd7 10.e4 Bb7 11.Bg5 h6 12.Bh4 g5 13.Bg3 Nh5 14.Nbd2 Nxg3 15.hxg3 g4
16.Nh4 Qg5 17.a4 Ne5 18.Nb3 Nxd3 19.Qxd3 Be7 20.axb5 Qxb5 21.Qe3 a5 22.Nxa5 Ba6
23.Rfd1 Bg5 24.Qa3 Be7 25.Qc3 O-O 26.Nc6 Bg5 27.Ra5 Qc4 28.Rxg5+ hxg5 29.Qf6 Qxc6
30.Nf5 exf5 31.Qxc6 Be2 32.Re1 Kg7 33.Qc3+  1-0

[Event "Garmisch"]
[Site "Garmisch"]
[Date "1994.??.??"]
[Round "7"]
[White "Stangl, Markus"]
[Black "Van Wely, Loek"]
[Result "1-0"]
[WhiteElo "2535"]
[BlackElo "2560"]

1.d4 d5 2.c4 dxc4 3.e3 Nf6 4.Bxc4 e6 5.Nf3 c5 6.O-O a6 7.b3 b5 8.Be2 Bb7
9.Bb2 Nbd7 10.Nbd2 Be7 11.a4 bxa4 12.Rxa4 O-O 13.Qa1 cxd4 14.Bxd4 Nc5 15.Bxc5 Bxc5
16.Bxa6 Bc6 17.Ra2 Bb4 18.Rc1 Bd5 19.Bc4 Rxa2 20.Qxa2 Bb7 21.h3 h6 22.Be2 Qd5
23.Nc4 Ne4 24.Qb2 Rc8 25.Bf1 Be7 26.Nb6 Qd8 27.Nxc8 Bxc8 28.Qd4 Nd6 29.Ne5 Qf8
30.Nc6 Bf6 31.Qc5 Bb7 32.b4 Ne4 33.Qxf8+ Kxf8 34.b5 Ke8 35.b6 Nd6 36.Na5 Bd5
37.Ba6 Bd8 38.b7  1-0

[Event "Geneve op"]
[Site "Geneve"]
[Date "1994.??.??"]
[Round "3"]
[White "Liardet, Fabrice"]
[Black "Peric, Slavisa"]
[Result "1/2-1/2"]
[WhiteElo "2240"]
[BlackElo "2335"]

1.d4 d5 2.c4 dxc4 3.Nf3 Nf6 4.e3 e6 5.Bxc4 c5 6.O-O a6 7.Qe2 Qc7 8.Nc3 b5
9.Bd3 Nbd7 10.a4 b4 11.Nb1 Bb7 12.Nbd2 Be7 13.e4 cxd4 14.Nxd4 Ne5 15.Bb1 g5
16.f3 Ng6 17.N2b3 Nf4 18.Qe1 Nd7 19.g3 Ng6 20.Be3 Nge5 21.Qe2 Qc4 22.Qd2 Qc7
23.Rc1 Qd8 24.Qe2 Rc8 25.Ba2 Nc5 26.Nxc5 Rxc5 27.Rd1 Qc8 28.Rac1 Rxc1 29.Rxc1 Qd7
30.Rd1 Qc8 31.Rc1 Qd7 32.Rd1 Qc8  1/2-1/2

[Event "Geneve op"]
[Site "Geneve"]
[Date "1994.??.??"]
[Round "5"]
[White "Mostafavi Kachani, Kachaya"]
[Black "Peric, Slavisa"]
[Result "0-1"]
[WhiteElo "2265"]
[BlackElo "2335"]

1.d4 d5 2.Nf3 Nf6 3.c4 dxc4 4.e3 e6 5.Bxc4 c5 6.O-O a6 7.a4 Nc6 8.Nc3 Qc7
9.Qe2 Be7 10.b3 b6 11.Bb2 Bb7 12.Rfd1 O-O 13.h3 cxd4 14.exd4 Nb4 15.Rac1 Qd6
16.Ba3 Qf4 17.Qe3 Qxe3 18.fxe3 Rac8 19.Bb2 Nbd5 20.Nxd5 Nxd5 21.Kf2 Nf6 22.Ke2 Rc7
23.Bd3 Rfc8 24.Rxc7 Rxc7 25.Rc1 Rxc1 26.Bxc1 Kf8 27.Bd2 a5 28.Be1 Bd6 29.g4 h6
30.Bc4 Ke7 31.Bd3 Bd5 32.Bc4 Bc6 33.Bd3 g5 34.Bc4 Ne4 35.h4 f6 36.Bd3 Bb7
37.hxg5 hxg5 38.Bc4 f5 39.Bd3 Kf6 40.gxf5 exf5 41.Bc4 Ng3+ 42.Kf2 g4 43.Ng1 Kg5
44.Be6 Kh5 45.Bc4 Ne4+ 46.Ke2 Ng5 47.Kf1 g3 48.d5 Ne4 49.Kg2 Kg4 50.Be2+ Kg5
51.Bc4 Kh4 52.Nf3+ Kg4 53.Nd4 Nf6 54.Nc6 Kh4 55.Nd4 Bc8 56.Bc3 Ne4 57.Be1 Nf6
58.Nf3+ Kg4 59.Be2 f4 60.Nh2+  0-1

[Event "Oberliga SuedW 9394"]
[Site "GER"]
[Date "1994.??.??"]
[Round "?"]
[White "Biehler, Thomas"]
[Black "Schulz, Klaus Juergen"]
[Result "1-0"]
[WhiteElo "2315"]
[BlackElo "2415"]

1.Nf3 Nf6 2.d4 d5 3.c4 dxc4 4.e3 e6 5.Bxc4 c5 6.O-O a6 7.a4 Nc6 8.Nc3 Qc7
9.d5 exd5 10.Nxd5 Nxd5 11.Qxd5 Bd6 12.Bd2 O-O 13.Bc3 h6 14.Qh5 Re8 15.Rad1 Be6
16.Bd5 Rad8 17.e4 Qc8 18.Nh4 Ne7 19.Bxe6 Qxe6 20.Rfe1 b5 21.axb5 axb5 22.Nf5 Nxf5
23.exf5 Qc4 24.Rxe8+ Rxe8 25.g3 Bf8 26.f6 g6 27.Qd5 Qxd5 28.Rxd5 b4 29.Be5 g5
30.f4 gxf4 31.gxf4 Kh7 32.f5 c4 33.Kf2 h5 34.Rb5 h4 35.h3 Kh6 36.Bf4+ Kh5
37.Rb7 Bh6 38.Kf3 Bxf4 39.Kxf4 c3 40.Rxf7 Kh6 41.bxc3 bxc3 42.Rc7 Rf8 43.Ke5 Kg5
44.Rg7+ Kh6 45.Rc7 Kg5 46.f7 c2 47.Ke6 Ra8 48.Rxc2 Ra6+ 49.Kd7  1-0

[Event "BL2-S9394"]
[Site "Germany"]
[Date "1994.??.??"]
[Round "?"]
[White "Messmer, Martin"]
[Black "Bialas, Wolfram"]
[Result "1/2-1/2"]
[WhiteElo "2315"]
[BlackElo "2310"]

1.d4 d5 2.Nf3 Nf6 3.c4 c5 4.e3 dxc4 5.Bxc4 e6 6.O-O a6 7.Qe2 b5 8.Bb3 Bb7
9.a4 Nbd7 10.Rd1 Qb6 11.axb5 axb5 12.Rxa8+ Bxa8 13.Nc3 b4 14.Na4 Qa5 15.dxc5 Nxc5
16.Nxc5 Bxc5 17.Bd2 O-O 18.Be1 Bb7 19.Ne5 Qb6  1/2-1/2

[Event "BL2-S9394"]
[Site "Germany"]
[Date "1994.??.??"]
[Round "?"]
[White "Raedeker, Bernd"]
[Black "Bialas, Wolfram"]
[Result "1/2-1/2"]
[WhiteElo "2180"]
[BlackElo "2310"]

1.d4 d5 2.Nf3 Nf6 3.c4 dxc4 4.e3 e6 5.Bxc4 c5 6.O-O a6 7.dxc5 Qxd1 8.Rxd1 Bxc5
9.b3 O-O 10.Bb2 Be7 11.Be2  1/2-1/2

[Event "BL2-W9394"]
[Site "Germany"]
[Date "1994.??.??"]
[Round "?"]
[White "Neidhardt, Claus Ulrich"]
[Black "Sieglen, Joachim"]
[Result "1-0"]
[WhiteElo "2370"]
[BlackElo "2410"]

1.d4 Nf6 2.Nf3 d5 3.c4 dxc4 4.e3 e6 5.Bxc4 c5 6.O-O a6 7.dxc5 Bxc5 8.Qxd8+ Kxd8
9.b3 b5 10.Be2 Nc6 11.Bb2 Bb7 12.Nbd2 Ke7 13.Rfc1 Bd6 14.a4 b4 15.a5 Rhc8
16.Nc4 Bc7 17.Nd4 Nxd4 18.Bxd4 Nd7 19.Ra4 Bc6 20.Rxb4 Bb5 21.Ra1 f6 22.Bf3 e5
23.Bxa8 exd4 24.Be4 Nc5 25.Bf5 Rd8 26.exd4 Rxd4 27.Ne3 Rxb4 28.Nd5+ Kd6 29.Nxb4 Nxb3
30.Rb1 Nd4 31.Bc8 Ne2+ 32.Kh1 Nc3 33.Ra1 Ba4 34.Bxa6 Bxa5 35.Nd3 Kc6 36.Nb2 Kb6
37.Nxa4+ Nxa4 38.Rxa4 Kxa6 39.Rd4 Bc3 40.Rd6+ Kb5 41.Rd7  1-0

[Event "Landesliga S9495 Bayern"]
[Site "Germany"]
[Date "1994.??.??"]
[Round "7"]
[White "Loos, Stephan"]
[Black "Gnegel, Boris Igor"]
[Result "1-0"]
[WhiteElo "2070"]
[BlackElo "2020"]

1.d4 d5 2.c4 dxc4 3.Nf3 Nf6 4.e3 e6 5.Bxc4 c5 6.O-O a6 7.Qe2 b5 8.Bb3 Bb7
9.Rd1 Nbd7 10.a4 Qb6 11.axb5 axb5 12.Rxa8+ Bxa8 13.dxc5 Bxc5 14.Nc3 Bc6 15.Nd4 Bxd4
16.exd4 O-O 17.d5 exd5 18.Nxd5 Bxd5 19.Bxd5 Nxd5 20.Rxd5 Qc6 21.Qd1 Nf6 22.Rd6 Qc5
23.Be3 Qe5 24.h3 h6 25.Rb6 Qxb2 26.Bd4 Qb4 27.Rxf6 gxf6 28.Qg4+ Kh7 29.Qf5+ Kg8
30.Qxf6 Qb1+ 31.Kh2 Qh7 32.h4 h5 33.f4 Rc8 34.f5 b4 35.Be5 Kf8 36.Qg5 Ke8
37.Bd6 Kd7 38.Bxb4 Rc6 39.Qe7+ Kc8 40.Qe8+ Kb7 41.Qd7+ Kb6 42.Bd2 Qg7 43.Be3+ Ka5
44.Qd5+ Kb4 45.Bd2+ Rc3 46.Qd3 Qe5+ 47.Kh1 Qf6 48.Bxc3+ Qxc3 49.Qxc3+ Kxc3
50.g4 Kd4 51.gxh5 Ke5 52.h6 Kf6 53.Kg2  1-0

[Event "Graz op"]
[Site "Graz"]
[Date "1994.??.??"]
[Round "6"]
[White "Lehner, Oliver"]
[Black "Vodep, Otto"]
[Result "1/2-1/2"]
[WhiteElo "2315"]
[BlackElo "2205"]

1.Nf3 d5 2.d4 Nf6 3.c4 dxc4 4.e3 e6 5.Bxc4 c5 6.O-O a6 7.Qe2 b5 8.Bb3 Bb7
9.a4 b4 10.Nbd2 Nc6 11.Nc4 Na5 12.Nxa5 Qxa5 13.Rd1 Be7 14.Bd2 O-O 15.dxc5 Bxc5
16.Ne5 Be7 17.Nc4 Qg5 18.f3 Rad8 19.e4 Bc5+ 20.Be3 Nd7 21.Rac1 h6 22.Qf2 Bxe3
23.Nxe3 Nc5 24.h4 Qe7 25.Qc2 Rc8 26.Nc4 Qxh4 27.Nd6 Nxb3 28.Qxb3 Rxc1 29.Rxc1 Qf4
30.Rd1 Bc6 31.Qxb4 Qe3+ 32.Kh1 Qe2 33.Rc1 Bd7 34.b3 e5 35.Nc4 Rc8 36.Qe1 Qxe1+
37.Rxe1 Be6 38.Nxe5  1/2-1/2

[Event "Groningen op"]
[Site "Groningen"]
[Date "1994.??.??"]
[Round "3"]
[White "Douven, Rudy C"]
[Black "Mathonia, Claude"]
[Result "1-0"]
[WhiteElo "2400"]
[BlackElo "2220"]

1.d4 d5 2.c4 dxc4 3.Nf3 Nf6 4.e3 e6 5.Bxc4 c5 6.O-O Nc6 7.Qe2 a6 8.Rd1 b5
9.Bd3 c4 10.Bc2 Nb4 11.Nc3 Nxc2 12.Qxc2 Bb7 13.d5 Qb6 14.e4 Bc5 15.Bg5 O-O
16.Rd2 Nd7 17.Re1 f6 18.Be3 Bxe3 19.Rxe3 Rfe8 20.dxe6 Qxe6 21.Nd4 Qe5 22.Ndxb5 axb5
23.Rxd7 Bc6 24.Rd1 Red8 25.a3 Rd4 26.Rxd4 Qxd4 27.Re1 Re8 28.Qe2 Qe5 29.Qe3 Rd8
30.Qb6 Qe8 31.f3 Rd2 32.Re2 Rxe2 33.Nxe2 f5 34.Nd4 Bd7 35.Qc5 fxe4 36.Qd5+ Kh8
37.fxe4 Bc8 38.h3 h6 39.Nxb5 Qe7 40.Nd6 Qa7+ 41.Kh2 Qe3 42.Qe5 Bxh3 43.Ne8  1-0

[Event "Groningen op"]
[Site "Groningen"]
[Date "1994.??.??"]
[Round "3"]
[White "Kindl, Peter"]
[Black "Nenashev, Alexander"]
[Result "0-1"]
[WhiteElo "2340"]
[BlackElo "2575"]

1.d4 d5 2.Nf3 Nf6 3.c4 dxc4 4.e3 e6 5.Bxc4 c5 6.O-O a6 7.Bb3 b5 8.a4 b4 9.Nbd2 Bb7
10.Qe2 Nbd7 11.Rd1 Be7 12.Nc4 O-O 13.dxc5 Qc7 14.Nb6 Rad8 15.Nxd7 Nxd7 16.Bd2 Nxc5
17.Bc4 a5 18.Nd4 Bf6 19.Be1 Qb6 20.f3 Bd5 21.Bf2 Bxc4 22.Qxc4 Rc8 23.Rac1 h6
24.Qb5 Qxb5 25.axb5 Na4 26.Rxc8 Rxc8 27.Nc6 Nxb2 28.Rb1 Nc4 29.Bg3 Kh7 30.Rc1 b3
31.e4 b2  0-1

[Event "Groningen op"]
[Site "Groningen"]
[Date "1994.??.??"]
[Round "7"]
[White "Akesson, Ralf"]
[Black "Nenashev, Alexander"]
[Result "0-1"]
[WhiteElo "2460"]
[BlackElo "2575"]

1.d4 d5 2.c4 dxc4 3.Nf3 Nf6 4.e3 e6 5.Bxc4 c5 6.O-O a6 7.Bd3 Nbd7 8.a4 b6
9.Nc3 Bb7 10.Qe2 Bd6 11.dxc5 Nxc5 12.Bc2 Nce4 13.Nxe4 Nxe4 14.Rd1 Rc8 15.Bxe4 Bxe4
16.Bd2 Bd3 17.Qe1 Bc2 18.Rdc1 O-O 19.Bb4 Rc4 20.Bxd6 Qxd6 21.Nd4 Qc7 22.b3 Rc5
23.Rxc2 Rxc2 24.Nxc2 Qxc2 25.Qd1 Rc8 26.g3 a5 27.Qd7 h5 28.h4 Rc7 29.Qe8+ Kh7
30.Qb5 Qc5 31.Qd3+ g6 32.Rd1 Qb4 33.Kg2 Rc3 34.Qd7 Kg7 35.Rd4 Qxb3 36.Qe7 Qa3
37.Qa7 Qc5 38.Rd7 Qc6+  0-1

[Event "Groningen op"]
[Site "Groningen"]
[Date "1994.??.??"]
[Round "11"]
[White "Kozul, Zdenko"]
[Black "Spangenberg, Hugo"]
[Result "1-0"]
[WhiteElo "2575"]
[BlackElo "2530"]

1.d4 d5 2.c4 dxc4 3.Nf3 Nf6 4.e3 e6 5.Bxc4 c5 6.O-O a6 7.a3 b5 8.Ba2 Bb7
9.Nc3 Nbd7 10.Qe2 Be7 11.Rd1 Qb6 12.e4 cxd4 13.Nxd4 Qc7 14.f4 Nb6 15.e5 Nfd5
16.f5 Bc5 17.Kh1 Bxd4 18.Rxd4 Nxc3 19.bxc3 Bd5 20.Bxd5 Nxd5 21.c4 Ne7 22.f6 Nf5
23.Re4 Rc8 24.Bg5 bxc4 25.fxg7 Rg8 26.Rd1 Ne7 27.Bxe7 Kxe7 28.Qg4 c3 29.Qh4+ Ke8
30.Qxh7 c2 31.Rc1 Kd7 32.Re2 Qa5 33.h3 Qxa3 34.Rcxc2 Qg3 35.Qe4  1-0

[Event "EU-ch U18"]
[Site "Hania"]
[Date "1994.??.??"]
[Round "8"]
[White "Banikas, Hristos"]
[Black "Lepelletier, Benoit"]
[Result "0-1"]
[WhiteElo "2315"]
[BlackElo "2365"]

1.d4 d5 2.c4 dxc4 3.Nf3 Nf6 4.e3 e6 5.Bxc4 c5 6.O-O a6 7.a4 Nc6 8.Qe2 Qc7
9.Nc3 Bd6 10.Rd1 O-O 11.h3 b6 12.dxc5 Bxc5 13.e4 Nd7 14.Be3 Bb7 15.Rac1 h6
16.Ba2 Rfd8 17.a5 Bxe3 18.Qxe3 b5 19.Nd5 Qxa5 20.Rxc6 exd5 21.Bxd5 Bxc6 22.Bxc6 Nf6
23.Rxd8+ Rxd8 24.e5 Qc7 25.Nd4 Qb6 26.Nf5 Qxe3 27.Nxe3 Nd7 28.f4 Nb6 29.f5 Nc4
30.e6 Kf8 31.Nd5 Rxd5 32.Bxd5 fxe6 33.Bxe6 Nxb2 34.Kf2 Nc4 35.Ke2 Ke7 36.g4 Kd6
37.Kd3 Kc5  0-1

[Event "Harkany op"]
[Site "Harkany"]
[Date "1994.??.??"]
[Round "5"]
[White "Horvath, Peter"]
[Black "Varga, Zoltan"]
[Result "1/2-1/2"]
[WhiteElo "2390"]
[BlackElo "2480"]

1.d4 d5 2.c4 dxc4 3.e3 Nf6 4.Bxc4 e6 5.Nf3 c5 6.O-O a6 7.a4 Nc6 8.Qe2 Qc7
9.Nc3 Bd6 10.h3 O-O 11.Rd1 Re8 12.dxc5 Bxc5 13.e4 Nd7 14.Ba2 b6 15.Kh1 Bb7
16.Bg5 Nf8 17.Be3 Red8 18.Rac1 Ng6 19.Bxc5 bxc5 20.Qe3 Qb6 21.Nd2 Rd4 22.Nc4 Qb4
23.b3 Rad8 24.f4 Nce7 25.Rd2 Rxd2 26.Nxd2 Qd4 27.Qxd4 cxd4 28.Nd1 Rc8 29.Rxc8+ Nxc8
30.g3 Nd6 31.Bb1 e5 32.fxe5 Nxe5 33.Kg1 a5 34.Nb2 Kf8 35.Kf2 Ke7 36.Nd3 f6
37.Nc5 Bc8 38.h4 Ndf7 39.Nd3 Kd6 40.Nf4 Kc5 41.Nd5 Nd6 42.b4+ axb4 43.Nb3+ Kc6
44.Nxb4+ Kb6 45.Nd5+ Ka6 46.Nb4+ Kb6 47.Nd5+ Ka6 48.Nxd4 Ka5 49.Bc2 Bd7 50.Nf5 Ne8
51.Ke3 Bxa4 52.Bxa4 Kxa4 53.Nxg7 Nxg7 54.Nxf6 h6 55.Ng8 Nf7 56.Kf4 h5 57.e5 Kb5
58.e6 Nxe6+ 59.Kf5 Nd4+ 60.Kg6 Ne5+ 61.Kxh5 Nf5 62.Kg5 Nxg3 63.Kf4 Ng6+ 64.Kxg3 Nxh4  1/2-1/2

[Event "FIN-ch"]
[Site "Helsinki"]
[Date "1994.??.??"]
[Round "?"]
[White "Manninen, Marko"]
[Black "Valkesalmi, Kimmo"]
[Result "0-1"]
[WhiteElo "2375"]
[BlackElo "2355"]

1.d4 d5 2.c4 dxc4 3.e3 Nf6 4.Bxc4 e6 5.Nf3 c5 6.O-O a6 7.Nc3 b5 8.Bd3 Bb7
9.Qe2 Nbd7 10.Rd1 Rc8 11.e4 cxd4 12.Nxd4 Qc7 13.Be3 Qb8 14.Nb3 Bd6 15.h3 Ne5
16.Rac1 O-O 17.Bb1 Nc4 18.Bg5 Bf4 19.Bxf4 Qxf4 20.a4 Bc6 21.axb5 axb5 22.Nd4 Qe5
23.Nf3 Qb8 24.Bd3 Nh5 25.Bxc4 Nf4 26.Qf1 bxc4 27.Qxc4 Qxb2 28.Rb1 Qxc3  0-1

[Event "RLP-ch"]
[Site "Hillscheid "]
[Date "1994.??.??"]
[Round "?"]
[White "Schumacher, Olaf"]
[Black "Meyer, Ingo"]
[Result "1/2-1/2"]
[WhiteElo "2285"]
[BlackElo "2275"]

1.d4 d5 2.c4 dxc4 3.Nf3 Nf6 4.e3 e6 5.Bxc4 c5 6.O-O a6 7.Qe2 b5 8.Bb3 Bb7
9.Rd1 Qc7 10.Nc3 Be7 11.Bd2 O-O 12.dxc5 Nbd7 13.h3 Nxc5 14.Bc2 Nce4 15.Be1 Rfd8
16.Rxd8+ Rxd8 17.Rd1 Rc8 18.Bb1 h6 19.Kh1 Qc6 20.Ne5 Qc5 21.Ng4 Qc7 22.Nxe4 Nxe4
23.f3 Nc5 24.Bc3 h5 25.Ne5 Bf6 26.f4 Rd8 27.Rxd8+ Qxd8 28.Bd4 Ne4 29.Bxe4 Bxe4
30.Qxh5 Bxe5 31.Bxe5 Qd7 32.Qe2  1/2-1/2

[Event "HUN-chT 9394"]
[Site "?"]
[Date "1994.??.??"]
[Round "?"]
[White "Mann, Gerald"]
[Black "Hoang Than Trang"]
[Result "1/2-1/2"]
[WhiteElo "2195"]
[BlackElo "2260"]

1.d4 d5 2.c4 dxc4 3.e3 Nf6 4.Bxc4 e6 5.Nf3 c5 6.O-O a6 7.Bd3 Nbd7 8.Qe2 Be7
9.Nc3 b5 10.Rd1 cxd4 11.Nxd4 Bb7 12.e4 Qc7 13.a3 O-O 14.Bg5 Rfd8 15.Rac1 Qb8
16.Bb1 h6 17.Bh4 Bd6 18.Bg3 Bxg3 19.hxg3 Nf8 20.Nb3 Rxd1+ 21.Qxd1 Qe8 22.Qe2  1/2-1/2